000 00321nam a2200109Ia 4500
008 171211s9999 xx 000 0 und d
245 _aWordPress: The Missing Manual, 2nd edition
245 _cMatthew MacDonald
260 _c2014
650 _xWeb Development
856 _uhttp://down.ebook777.com/008/144934190XWoPre.pdf
999 _c350109
_d350109